<?xml version="1.0" encoding="UTF-8"?>
<record
    xmlns:xsi="http://www.w3.org/2001/XMLSchema-instance"
    xsi:schemaLocation="http://www.loc.gov/MARC21/slim http://www.loc.gov/standards/marcxml/schema/MARC21slim.xsd"
    xmlns="http://www.loc.gov/MARC21/slim">

  <leader>04143nam a2200421 i 4500</leader>
  <controlfield tag="003">DO-SdBNP</controlfield>
  <controlfield tag="005">20240515155537.0</controlfield>
  <controlfield tag="006">a||||gr|||| 00| 0 </controlfield>
  <controlfield tag="007">ta</controlfield>
  <controlfield tag="008">221103e2021    dr ah||gr|||| 001 e spa d</controlfield>
  <datafield tag="020" ind1=" " ind2=" ">
    <subfield code="a">9789945931914</subfield>
  </datafield>
  <datafield tag="040" ind1=" " ind2=" ">
    <subfield code="a">DO-SdBNP</subfield>
    <subfield code="b">spa</subfield>
    <subfield code="c">BNPHU</subfield>
    <subfield code="e">rda</subfield>
  </datafield>
  <datafield tag="082" ind1=" " ind2="4">
    <subfield code="2">22</subfield>
    <subfield code="b">A174r</subfield>
  </datafield>
  <datafield tag="100" ind1=" " ind2=" ">
    <subfield code="9">73379</subfield>
    <subfield code="a">Acevedo, Anthony Stevens</subfield>
    <subfield code="e">autor</subfield>
  </datafield>
  <datafield tag="245" ind1="1" ind2="3">
    <subfield code="a">La rebeli&#xF3;n de esclavos de Santo Domingo de 1521 y las leyes sobre esclavos de 1522:</subfield>
    <subfield code="b">esclavitud negra y resistencia negra al comienzo de la Am&#xE9;rica colonial. /</subfield>
    <subfield code="c">Anthony Stevens-Acevedo; pr&#xF3;logo, Ramona Hern&#xE1;ndez</subfield>
  </datafield>
  <datafield tag="264" ind1=" " ind2=" ">
    <subfield code="a">Santo Domingo :</subfield>
    <subfield code="b">Universitaria Bon&#xF3;,</subfield>
    <subfield code="c">2021</subfield>
  </datafield>
  <datafield tag="300" ind1=" " ind2=" ">
    <subfield code="a">146 p&#xE1;ginas :</subfield>
    <subfield code="b">ilustraciones, facs&#xED;mil ;</subfield>
    <subfield code="c">22 cm.</subfield>
  </datafield>
  <datafield tag="336" ind1=" " ind2=" ">
    <subfield code="2">rdacontent</subfield>
    <subfield code="a">texto</subfield>
    <subfield code="b">txt</subfield>
  </datafield>
  <datafield tag="337" ind1=" " ind2=" ">
    <subfield code="2">rdamedia</subfield>
    <subfield code="a">sin  mediaci&#xF3;n</subfield>
    <subfield code="b">n</subfield>
  </datafield>
  <datafield tag="338" ind1=" " ind2=" ">
    <subfield code="2">rdacarrier</subfield>
    <subfield code="a">volumen</subfield>
    <subfield code="b">nc</subfield>
  </datafield>
  <datafield tag="500" ind1=" " ind2=" ">
    <subfield code="a">Incluye datos biogr&#xE1;ficos del autor en la contracubierta.</subfield>
  </datafield>
  <datafield tag="500" ind1=" " ind2=" ">
    <subfield code="a">Incluye bibliograf&#xED;a y notas al pi&#xE9; de p&#xE1;ginas.</subfield>
  </datafield>
  <datafield tag="504" ind1=" " ind2=" ">
    <subfield code="a">Bibliograf&#xED;a: p&#xE1;ginas 139 - 146</subfield>
  </datafield>
  <datafield tag="505" ind1=" " ind2=" ">
    <subfield code="a">Pr&#xF3;logo.</subfield>
    <subfield code="g">Introducci&#xF3;n.</subfield>
    <subfield code="t">Una breve historia de esta monograf&#xED;a.--</subfield>
    <subfield code="t">Historiograf&#xED;a y memoria de la primera rebeli&#xF3;n antiesclavista de Am&#xE9;rica: Un anacronismo que dur&#xF3; demasiado.--</subfield>
    <subfield code="t">El posible lugar o escenario del comienzo de la rebeli&#xF3;n de 1521.</subfield>
    <subfield code="t">La rebeli&#xF3;n de 1521 y las leyes de 1522 sobre negros y esclavos en la Espa&#xF1;ola: Un estudio.--</subfield>
    <subfield code="t">Un dilema de los colonizadores: los esclavos como herramienta y los esclavos como amenaza.--</subfield>
    <subfield code="t">Castigo m&#xE1;s severo y vigilancia incrementada contra los negros, visto como la soluci&#xF3;n.--</subfield>
    <subfield code="t">No todos los esclavos eran negros en La Espa&#xF1;ola a comienzo de 1522.--</subfield>
    <subfield code="t">La huidas de esclavos antes de 1522 y las leyes que intentaron impedirlas.--</subfield>
    <subfield code="t">La rebeli&#xF3;n de 1521 como acci&#xF3;n colectiva planificada.--</subfield>
    <subfield code="t">Un dilema de los colonizadores: los esclavos como herramienta y los esclavos como amenaza.--</subfield>
    <subfield code="t">Castigos m&#xE1;as severos y vigilancia incrementada contra los negros, visto como la soluci&#xF3;n.--</subfield>
    <subfield code="t">&#xBF;Un permiso de diez d&#xED;as de escapada para los esclavos?.--</subfield>
    <subfield code="t">La campa&#xF1;a contra los esclavos rebeldes de fines de diciembre de 1521 no acab&#xF3; con las rebeliones.--</subfield>
    <subfield code="t">Posibles omisiones de los due&#xF1;os al avisar sobre el cimarronaje de sus esclavos.--</subfield>
    <subfield code="t">El acceso de negros y esclavos a armas antes de 1522.--</subfield>
    <subfield code="t">Autonom&#xED;a de movimiento de los esclavos anterior a 1522.--</subfield>
    <subfield code="t">El encadenamiento de esclavos parece haber sido resistido por algunos en la Espa&#xF1;ola antes de 1522.--</subfield>
    <subfield code="t">Denuncia de conductas socialmente desviadas de negros y esclavos en Santo Domingo urbano.--</subfield>
    <subfield code="t">Un fondo com&#xFA;n como seguro contra p&#xE9;rdida de esclavos por los due&#xF1;os.--</subfield>
    <subfield code="t">&#xBF;Vigilantismo incipiente en 1522?.--</subfield>
    <subfield code="t">Los esclavos fugitivos a veces eran ayudados y escondidos por otras personas en la Espa&#xF1;ola.--</subfield>
    <subfield code="t">Promoci&#xF3;n de la formaci&#xF3;n de familias esclavas como herramienta para mantener el orden social esclavista.--</subfield>
    <subfield code="t">La segregaci&#xF3;n y jerarqu&#xED;a sociales se fortalecieron con la promoci&#xF3;n de la vigilancia de los esclavizados por los libres.--</subfield>
    <subfield code="t">Impacto de las leyes de 1522.--</subfield>
    <subfield code="t">Conclusi&#xF3;n.--</subfield>
    <subfield code="t">Ap&#xE9;ndices.--</subfield>
    <subfield code="t">Transcripciones.</subfield>
  </datafield>
  <datafield tag="534" ind1=" " ind2=" ">
    <subfield code="a">T&#xED;tulo original en ingl&#xE9;s: The Santo Domingo Slave Rebellion of 1521 and the Slave Laws of 1522: Black Slavery and Black Resistance in the Early Colonial Americas. (Source for a Quincentenial).</subfield>
    <subfield code="c">Publicado por CUNY Dominican Studies Institute, The City College of New York, 2019.</subfield>
  </datafield>
  <datafield tag="546" ind1=" " ind2=" ">
    <subfield code="a">Traducido del ingl&#xE9;s al espa&#xF1;ol.</subfield>
  </datafield>
  <datafield tag="590" ind1=" " ind2=" ">
    <subfield code="a">Inventariado 2024 / MF</subfield>
  </datafield>
  <datafield tag="650" ind1=" " ind2="4">
    <subfield code="9">17936</subfield>
    <subfield code="a">Esclavos</subfield>
    <subfield code="x">Historia</subfield>
    <subfield code="y">1500 - 1599</subfield>
    <subfield code="z">Rep&#xFA;blica Dominicana</subfield>
  </datafield>
  <datafield tag="650" ind1=" " ind2="4">
    <subfield code="9">4128</subfield>
    <subfield code="a">Insurrecci&#xF3;n de Esclavos</subfield>
    <subfield code="y">Siglo XVI</subfield>
    <subfield code="z">Santo Domingo, Rep&#xFA;blica Dominicana</subfield>
  </datafield>
  <datafield tag="650" ind1=" " ind2="4">
    <subfield code="9">28343</subfield>
    <subfield code="a">Esclavitud</subfield>
    <subfield code="x">Historia</subfield>
    <subfield code="y">Siglo XVI</subfield>
    <subfield code="z">Rep&#xFA;blica Dominicana</subfield>
  </datafield>
  <datafield tag="650" ind1=" " ind2="4">
    <subfield code="9">51164</subfield>
    <subfield code="a">Esclavitud </subfield>
    <subfield code="x">Ley y Legislaci&#xF3;n</subfield>
    <subfield code="z">Rep&#xFA;blica Dominicana</subfield>
  </datafield>
  <datafield tag="651" ind1=" " ind2="4">
    <subfield code="a">Rep&#xFA;blica Dominicana</subfield>
    <subfield code="v">Esclavo</subfield>
    <subfield code="x">Historia</subfield>
    <subfield code="y">1500 - 1599</subfield>
    <subfield code="9">82697</subfield>
  </datafield>
  <datafield tag="651" ind1=" " ind2="4">
    <subfield code="a">Rep&#xFA;blica Dominicana</subfield>
    <subfield code="v">Esclavitud</subfield>
    <subfield code="x">Historia</subfield>
    <subfield code="y">Siglo XVI</subfield>
    <subfield code="9">82698</subfield>
  </datafield>
  <datafield tag="700" ind1="1" ind2=" ">
    <subfield code="9">10103</subfield>
    <subfield code="a">Hern&#xE1;ndez, Ramona</subfield>
    <subfield code="e">pr&#xF3;logo</subfield>
  </datafield>
  <datafield tag="710" ind1="2" ind2=" ">
    <subfield code="9">63871</subfield>
    <subfield code="a">Dominican Studies Institute (CUNY)</subfield>
  </datafield>
  <datafield tag="710" ind1="2" ind2=" ">
    <subfield code="a"> Fundaci&#xF3;n Juan Bosch</subfield>
    <subfield code="9">84953</subfield>
  </datafield>
  <datafield tag="942" ind1=" " ind2=" ">
    <subfield code="2">ddc</subfield>
    <subfield code="c">LBS1</subfield>
  </datafield>
  <datafield tag="952" ind1=" " ind2=" ">
    <subfield code="0">0</subfield>
    <subfield code="1">0</subfield>
    <subfield code="2">ddc</subfield>
    <subfield code="5">1</subfield>
    <subfield code="7">0</subfield>
    <subfield code="8">PD</subfield>
    <subfield code="a">BNPHU</subfield>
    <subfield code="b">BNPHU</subfield>
    <subfield code="c">CT</subfield>
    <subfield code="d">2022-05-09</subfield>
    <subfield code="e">Dep&#xF3;sito legal / Editora B&#xFA;ho</subfield>
    <subfield code="l">0</subfield>
    <subfield code="o">S843r</subfield>
    <subfield code="p">2022-4899</subfield>
    <subfield code="r">2022-11-03</subfield>
    <subfield code="w">2022-11-03</subfield>
    <subfield code="y">LBS1</subfield>
  </datafield>
  <datafield tag="952" ind1=" " ind2=" ">
    <subfield code="0">0</subfield>
    <subfield code="1">0</subfield>
    <subfield code="2">ddc</subfield>
    <subfield code="5">1</subfield>
    <subfield code="7">0</subfield>
    <subfield code="8">PD</subfield>
    <subfield code="a">BNPHU</subfield>
    <subfield code="b">BNPHU</subfield>
    <subfield code="c">CT</subfield>
    <subfield code="d">2022-05-09</subfield>
    <subfield code="e">Dep&#xF3;sito legal / Editora B&#xFA;ho</subfield>
    <subfield code="l">0</subfield>
    <subfield code="o">S843r</subfield>
    <subfield code="p">2022-4900</subfield>
    <subfield code="r">2022-11-03</subfield>
    <subfield code="t">e.2</subfield>
    <subfield code="w">2022-11-03</subfield>
    <subfield code="y">LBS1</subfield>
  </datafield>
  <datafield tag="952" ind1=" " ind2=" ">
    <subfield code="0">0</subfield>
    <subfield code="1">0</subfield>
    <subfield code="2">ddc</subfield>
    <subfield code="5">6</subfield>
    <subfield code="7">0</subfield>
    <subfield code="8">DS</subfield>
    <subfield code="a">BNPHU</subfield>
    <subfield code="b">BNPHU</subfield>
    <subfield code="c">CT</subfield>
    <subfield code="d">2022-05-09</subfield>
    <subfield code="e">Dep&#xF3;sito legal / Editora B&#xFA;ho</subfield>
    <subfield code="l">0</subfield>
    <subfield code="o">S843r</subfield>
    <subfield code="p">2022-4901</subfield>
    <subfield code="r">2022-11-03</subfield>
    <subfield code="t">e.3</subfield>
    <subfield code="w">2022-11-03</subfield>
    <subfield code="y">LBS1</subfield>
  </datafield>
  <datafield tag="999" ind1=" " ind2=" ">
    <subfield code="c">52781</subfield>
    <subfield code="d">52781</subfield>
  </datafield>
</record>
